Nadnárodný organizovaný zločin a korupcia - nebezpečenstvá ohrozujúce demokratickú spoločnosť
Pochopenie, podstata a trendy vývoja nadnárodného organizovaného zločinu a korupcie v Európe. Faktory, ktoré ho podporujú. Vznik a vývoj nadnárodného organizovaného zločinu v niektorých štátoch sveta. Medzinárodné nástroje proti nadnárodnému organizovanému zločinu a korupcii.
Gespeichert in:
| 1. Verfasser: | |
|---|---|
| Format: | Buchkapitel |
| Sprache: | Slowakisch |
| Schlagworte: | |
| Tags: |
Keine Tags, Fügen Sie das erste Tag hinzu!
|
MARC
| LEADER | 00000naa a2200000 4500 | ||
|---|---|---|---|
| 001 | r042291 | ||
| 005 | 20230922120241.3 | ||
| 041 | 0 | |a slo | |
| 044 | |a SK | ||
| 245 | 1 | 0 | |a Nadnárodný organizovaný zločin a korupcia - nebezpečenstvá ohrozujúce demokratickú spoločnosť |c Roman Goga |
| 520 | |a Pochopenie, podstata a trendy vývoja nadnárodného organizovaného zločinu a korupcie v Európe. Faktory, ktoré ho podporujú. Vznik a vývoj nadnárodného organizovaného zločinu v niektorých štátoch sveta. Medzinárodné nástroje proti nadnárodnému organizovanému zločinu a korupcii. | ||
| 610 | 2 | 0 | |a činnosť trestná |
| 610 | 2 | 0 | |a kriminalita |
| 610 | 2 | 0 | |a korupcia |
| 610 | 2 | 0 | |a Európa |
| 610 | 2 | 0 | |a história |
| 610 | 2 | 0 | |a úpravy právne |
| 610 | 2 | 0 | |a právo medzinárodné |
| 610 | 2 | 0 | |a právo trestné medzinárodné |
| 100 | 1 | |a Goga, Roman | |